Algunos comentarios en relación con el proyecto de reforma a los artículos 46, 73, 121, 123, 124, 176, 177, 179, 180, 181 y 182 de la Constitución Política, "Garantías Económicas" /

Gorde:
Xehetasun bibliografikoak
Egile nagusia: Fallas Villaplana, Javier
Formatua: Texto
Gaiak:
Etiketak: Etiketa erantsi
Etiketarik gabe, Izan zaitez lehena erregistro honi etiketa jartzen!

MARC

LEADER 00000 a a2200000 04500
001 17182
003
040
100 |a Fallas Villaplana, Javier  
245 |a Algunos comentarios en relación con el proyecto de reforma a los artículos 46, 73, 121, 123, 124, 176, 177, 179, 180, 181 y 182 de la Constitución Política, "Garantías Económicas" /  |c Javier Fallas Villaplana 
650 |a LEGISLACION  
650 |a REFORMA CONSTITUCIONAL  
773 |g volumen 8, número 3; páginas 236-271  
999 |c 34245  |d 34245